000 00589nam a22001817a 4500
005 20251108170010.0
008 250721s2002 xx 000 0 ara d
082 1 4 _a343.097/غطا
100 1 _aغطاشه، أحمد عبد اللطيف
245 1 0 _aالطيران المدني :
_bالأحكام العامة و النقل الجوي /
264 1 _aعمان :
_bدار الصفاء للنشر و التوزيع،
_c2002.
300 _a214ص
650 1 7 _aقانون الجو
650 1 7 _aالنقل الجوي
650 1 7 _aالطيران
942 _2ddc
_cBK
999 _c37007
_d37007